ULTIMATE FIELD GUIDE TO PHOTOGRAPHY (Record no. 32135)

MARC details
000 -LEADER
fixed length control field 00334nam a22001457a 4500
003 - CONTROL NUMBER IDENTIFIER
control field SGT
020 ## - INTERNATIONAL STANDARD BOOK NUMBER
International Standard Book Number 9781426204319
082 ## - DEWEY DECIMAL CLASSIFICATION NUMBER
Classification number 770.28
Item number NAT
100 ## - MAIN ENTRY--PERSONAL NAME
Personal name NATIONAL GEOGRAPHIC
245 ## - TITLE STATEMENT
Title ULTIMATE FIELD GUIDE TO PHOTOGRAPHY
260 ## - PUBLICATION, DISTRIBUTION, ETC. (IMPRINT)
Place of publication, distribution, etc USA
Year of Publication 2009
Name of publisher, distributor, etc NATIONAL GEOGRAPHIC PUB
300 ## - PAGE DESCRIPTION
No. of Pages 399
650 ## - SUBJECT ADDED ENTRY--TOPICAL TERM
Topical term or geographic name as entry element BJMC
942 ## - ADDED ENTRY ELEMENTS (KOHA)
Source of classification or shelving scheme Dewey Decimal Classification
Koha item type Books
Holdings
Withdrawn status Lost status Source of classification or shelving scheme Damaged status Not for loan Home library Current library Shelving location Date acquired Vendor Name SGTU Bill Number Full call number Accession No. (Barcode) Date last seen Bill Date Koha item type Total Checkouts
    Dewey Decimal Classification   Not For Loan SGT Science & Social Sciences Library SGT Science & Social Sciences Library Reference Book 21/07/2025 BRIJWASHI DELHI SGTU BW/000214 770.28 NAT MC1256 21/07/2025   Books  
    Dewey Decimal Classification     SGT Science & Social Sciences Library SGT Science & Social Sciences Library   21/07/2025 BRIJWASHI DELHI SGTU BW/000214 770.28 NAT MC1257 21/07/2025   Books  
    Dewey Decimal Classification     SGT Science & Social Sciences Library SGT Science & Social Sciences Library   21/07/2025 BRIJWASHI DELHI SGTU BW/000214 770.28 NAT MC1258 21/07/2025   Books  
    Dewey Decimal Classification     SGT Science & Social Sciences Library SGT Science & Social Sciences Library   21/07/2025 BRIJWASHI DELHI SGTU BW/000214 770.28 NAT MC1259 21/07/2025   Books  
    Dewey Decimal Classification     SGT Science & Social Sciences Library SGT Science & Social Sciences Library   21/07/2025 BRIJWASHI DELHI SGTU BW/000214 770.28 NAT MC1260 21/07/2025   Books